| 000 | 00000nam##2200000za#4500 |
| 001 | 9.643555 |
| 003 | CaOODSP |
| 005 | 20210624224225 |
| 007 | cr ||||||||||| |
| 008 | 150407|2006||||xxc|||||o f|0| 0 fre|d |
| 040 | |aCaOODSP|bfre |
| 043 | |an-cn--- |
| 086 | 1 |aH179-8/2006F-PDF |
| 110 | 1 |aCanada.|bProcréation assistée Canada. |
| 245 | 10|aServices de counseling en matière de procréation assistée - rapport de l'atelier : |h[ressource électronique]|ble 28 avril 2006 - Four Points Sheraton, Gatineau, Québec |
| 260 | |aOttawa - Ontario : |bProcréation assistée Canada |c[2006]. |
| 300 | |a14p. |
| 590 | |a14-14-Supp|b2014-07-24 |
| 691 | 07|aProcréatique|2gcpds |
| 775 | 08|tAssisted Human Reproduction Counselling Services - workshop report : |w(CaOODSP)9.699425 |
| 856 | 40|ahttp://publications.gc.ca|qPDF|s177 Ko|uhttps://publications.gc.ca/collections/collection_2014/sc-hc/H179-8-2006-fra.pdf |